000 01223nam a2200301 i 4500
001 185144
003 SpMaBN
005 20250908230637.0
008 160328s2013 sp |||| | spa d
020 _a978-84-9014-115-1
080 _a347.5(460)
080 _a368.86:351.824(460)
245 0 0 _aDerecho de daños 2013 /
_cdirector, Mariano José Herrador Guardia ; autores, Julio Banacloche Palao, José Manuel Busto Lago, Javier Carrascosa González ... [et al.].
250 _a1ª ed.
260 _aCizur Menor, Navarra :
_bAranzadi,
_c2013.
300 _a988 p. ;
_c25 cm.
504 _aReferencias bibliográficas.
650 0 _aDaños y perjuicios
_9234449
_zEspaña
650 0 4 _aResponsabilidad civil-
_zEspaña
_916867
650 0 _aSeguros de responsabilidad civil
_9234450
_zEspaña
700 1 _aHerrador Guardia, Mariano José
_epbd
_9151606
700 1 _aBanacloche Palao, Julio,
_d1969-
_eaut
_9159230
852 _aES-MaACL
_jA-13665
_9192163
_bR.150912
_cDEPO1
_dOlim: N-6665
_hDonación: Mariano José Herrador Guardia
_x- enc. cart.
903 _aHerrador Guardia, Mariano José
_ednr
_9151606
942 _2udc
_cMONOGRAFIA
999 _c185144
_d185144